000 00822nam a22002297a 4500
008 080909t xxu||||| |||| 00| 0 eng d
010 _aENG-90983
020 _a9788178803814
_c700.00
035 _aEN-74516
037 _bDBAD / PUB
040 _adpl
_bEnglihs
082 _a647.94068
100 _aPant, Anoop
245 _aFront office operations /
_cby Anoop Pant
260 _aNew Delhi
_bRajat Publications
_c2008
270 _a4675/21,Ansari Road, Darya Ganj,
_bNew Delhi
_e110002
300 _avii, 338p
_c23 cm (Hb)
650 _aHotel management
650 _aHotel front desk personnel
942 _2ddc
_cEN
_h647.94068
_mPAN
999 _c15415
_d15415